000 005360000a22001930004500
003 LK-CoMWRAF
005 20230915233853.0
008 230817t1967 ||||| |||| 00| 0 eng d
040 _aLK-CoMWRAF
_dLK-CoMWRAF
_eLK-CoMWRAF
041 _aeng
082 _a297.24
_bKAS
100 _aKashmiri, Ismail
245 _aProphet of Islam Muhammad and some of his traditions
260 _aCairo :
_bSupreme council for Islamic affairs,
_c1967
300 _a94p
490 _aStudies in Islam No.16
650 _aIslam-Studies
942 _cBK
999 _c3003
_d3003